00237 a2200109 4500001000700000020000600007040001100013100002100024240003900045245003400084362000900118177282 a  cMagnum aLuquini, Joselma10aJojo e palito: belo, meu amorlpor10aJojo e palito: belo, meu amor0 a1899